Gaming Quiz

Random Gaming or Clickable Quiz

Video Games by Character Quiz Stats

 Plays Quiz not verified by Sporcle

Score 0/20 Timer 10:00
0 Plays Today
% Correct
Johnny Cage
84.1%
Dr. Gordon Freeman
78.6%
Dante and Vergil
75.4%
Sam Fisher
73.8%
Crono
70.6%
Ryu Hayabusa
69.8%
E. Honda
69.8%
Berethor, Idrial, and Elegost
69.8%
Dr. Light
68.3%
Isaac Clarke
67.5%
% Correct
Jin Kazama
64.3%
Simon Belmont
63.5%
Raziel and Kain
57.9%
Wander, Mono, Agro, and Dormin
50%
Mr. Grimm
48.4%
Samanosuke Akechi
48.4%
Guy, Cody, and Haggar
45.2%
Mitsurugi and Sophitia
45.2%
Rikimaru
42.1%
Gabriel Logan
41.3%

You're not logged in!

Compare scores with friends on all Sporcle quizzes.
OR
Log In

Sporcle TV

Today on Sporcle TV


Watch our educational content, quiz creation guides, and fun videos on Sporcle TV.

Show Comments

Extras

Created Dec 15, 2014ReportNominate
Tags:Clickable Quiz, character, video

Top Quizzes Today


Score Distribution

Your Account Isn't Verified!

In order to create a playlist on Sporcle, you need to verify the email address you used during registration. Go to your Sporcle Settings to finish the process.

Report this User

Report this user for behavior that violates our Community Guidelines.

Details: